Culture générale thèmes mélangés #5 - Statistiques

Statistiques générales
  • Ce quiz a été pris 203 fois
  • Le résultat moyen est 10 sur 15
Statistiques - réponses
Hint Réponse % Correct
Nombre d'arrondissements de la ville de Paris 20
93%
Pays ayant un arbre sur son drapeau Liban
89%
Le Groenland appartient à ce pays Danemark
86%
Personnage de dessin animé vivant dans un ananas Bob l'éponge
83%
Année de l'obtention du droit de vote pour les femmes en France 1944
77%
Année du naufrage du Titanic 1912
74%
Pays abritant les îles de Koh Samui et Phuket Thaïlande
74%
Année dont parle Claude François dans la chanson "Cette année-là" 1962
68%
Nom donné à un mot pouvant se lire dans les 2 sens Palindrome
66%
Nom portant le symbole "&" Esperluette
62%
Capitale de la Géorgie Tbilissi
59%
Mot désignant précisément un étendoir à linge Tancarville
57%
Ville française dont le Welsh est la spécialité Lille
55%
Fruit interdit à la consommation dans beaucoup de lieux publics en Asie dû à son odeur Durian
50%
Nom donné à la culture des champignons pour le commerce Fungiculture
7%
Aucun quiz correspondant
Distribution des résultats
% des personnes avec chaque résultat
Percentile par nombre de réponses
Votre historique - résultats
Vous n’avez pas pris ce quiz